Normal view
MARC view
- Su[ervisor Dr. Muhammad Tahir Nawaz
Entry Personal Name
001 - CONTROL NUMBER
- control field: 70141
003 - CONTROL NUMBER IDENTIFIER
- control field: NUST
005 - DATE AND TIME OF LATEST TRANSACTION
- control field: 20210628204402.0
008 - FIXED-LENGTH DATA ELEMENTS
- fixed length control field: 210628|| aca||aabn | a|a d
040 ## - CATALOGING SOURCE
- Original cataloging agency: NUST
- Transcribing agency: NUST
100 ## - HEADING--PERSONAL NAME
- Personal name: Su[ervisor Dr. Muhammad Tahir Nawaz
670 ## - SOURCE DATA FOUND
- Source citation: Work cat.: (NUST): Jawad Riaz 15557, TH-SOF-1279-"Assessment of Adoption of e-Government by Government Employees of Pakistan in Perspective of Diffusion of Innovation (DOI)", 2016
